All Banjo-Kazooie Games - Statistics

General Stats
  • This quiz has been taken 17 times
  • The average score is 5 of 8
Answer Stats
Hint Answer % Correct
1998 Banjo-Kazooie
100%
2008 Banjo-Kazooie: Nuts & Bolts
100%
2000 Banjo-Tooie
100%
2003 Banjo-Kazooie: Grunty's Revenge
78%
2005 Banjo-Pilot
78%
2015 Rare Replay
44%
2008 Banjo-Kazooie (Xbox Live Arcade)
22%
2009 Banjo-Tooie (Xbox Live Arcade)
22%
No matching quizzes found
Score Distribution
Percent of People with Each Score
Percentile by Number Answered
Your Score History
You have not taken this quiz